Faculty of Law Library — Cairo University

Official Online Catalog

The law of financial institutions / (Record no. 70821)

MARC details
000 -LEADER
fixed length control field 02204cam a2200421 i 4500
003 - CONTROL NUMBER IDENTIFIER
control field EG-GICUC
005 - DATE AND TIME OF LATEST TRANSACTION
control field 20260414110839.0
008 - FIXED-LENGTH DATA ELEMENTS--GENERAL INFORMATION
fixed length control field 130604s2013 nyu frb 001 0 eng d
020 ## - INTERNATIONAL STANDARD BOOK NUMBER
International Standard Book Number 9781454809944
Qualifying information alk. paper
035 ## - SYSTEM CONTROL NUMBER
System control number 17763728
040 ## - CATALOGING SOURCE
Original cataloging agency DLC
Language of cataloging eng
Transcribing agency DLC
Description conventions rda
Modifying agency DLC
-- EG-GICUC
043 ## - GEOGRAPHIC AREA CODE
Geographic area code n-us---
050 00 - LIBRARY OF CONGRESS CALL NUMBER
Classification number KF974
Item number .C37 2013
082 00 - DEWEY DECIMAL CLASSIFICATION NUMBER
Classification number 342.06
Edition number 21
092 04 - LOCALLY ASSIGNED DEWEY CALL NUMBER (OCLC)
Edition number 21
099 ## - LOCAL FREE-TEXT CALL NUMBER (OCLC)
Classification number Law 13 2013
100 1# - MAIN ENTRY--PERSONAL NAME
Personal name Carnell, Richard Scott,
Dates associated with a name 1953-
Relator term
245 14 - TITLE STATEMENT
Title The law of financial institutions /
Statement of responsibility, etc. Richard Scott Carnell, Associate Professor of Law, Fordham University; Jonathan R. Macey, Deputy Dean and Sam Harris Professor of Corporate Law, Corporate Finance, and Securities Law, Yale University; Geoffrey P. Miller, Stuyvesant P. Comfort Professor of Law, Director, Center for the Study of Central Banks and Financial Institutions, New York University.
250 ## - EDITION STATEMENT
Edition statement Fifth edition.
264 #1 - PRODUCTION, PUBLICATION, DISTRIBUTION, MANUFACTURE, AND COPYRIGHT NOTICE
Place of production, publication, distribution, manufacture New York :
Name of producer, publisher, distributor, manufacturer Wolters Kluwer Law & Business,
Date of production, publication, distribution, manufacture, or copyright notice 2013.
300 ## - PHYSICAL DESCRIPTION
Extent xxxii, 822 pages ;
Dimensions 26 cm.
336 ## - CONTENT TYPE
Content type term text
Source rdacontent
337 ## - MEDIA TYPE
Media type term Computer
Source rdamedia
338 ## - CARRIER TYPE
Carrier type term Online Resource
Source rdacarrier
490 0# - SERIES STATEMENT
Series statement Aspen casebook series
504 ## - BIBLIOGRAPHY, ETC. NOTE
Bibliography, etc. note Includes bibliographical references and index.
505 0# - FORMATTED CONTENTS NOTE
Formatted contents note Introduction and overview -- Getting started -- Banking powers -- Geographic expansion -- Safety and soundness -- Deposit insurance -- Consumer protection and basic financial services -- Affiliations -- Examination and enforcement -- Bank failure -- Introduction and overview -- Insurers -- Securities broker dealers -- Investment companies -- Structured finance, securitization, swaps, and derivatives.
650 #0 - SUBJECT ADDED ENTRY--TOPICAL TERM
Topical term or geographic name entry element Banking law
Geographic subdivision United States.
650 #0 - SUBJECT ADDED ENTRY--TOPICAL TERM
Topical term or geographic name entry element Financial services industry
General subdivision Law and legislation
Geographic subdivision United States.
651 1# - SUBJECT ADDED ENTRY--GEOGRAPHIC NAME
Source of heading or term qrmak
655 #7 - INDEX TERM--GENRE/FORM
Genre/form data or focus term Casebooks (Law)
Source of term lcgft
700 1# - ADDED ENTRY--PERSONAL NAME
Personal name Macey, Jonathan R.,
Relator term
700 1# - ADDED ENTRY--PERSONAL NAME
Personal name Miller, Geoffrey P.,
Relator term
775 08 - OTHER EDITION ENTRY
Relationship information Revision of:
Main entry heading Carnell, Richard Scott, 1953-
Title Law of banking and financial institutions
Edition 4th ed.
Place, publisher, and date of publication Austin : Wolters Kluwer Law & Business, c2009
856 40 - ELECTRONIC LOCATION AND ACCESS
Uniform Resource Identifier <a href="https://fll.law.cu.edu.eg/fulltext/bks/ENGB13-00065.pdf">https://fll.law.cu.edu.eg/fulltext/bks/ENGB13-00065.pdf</a>
905 ## - Cataloger and Reviser Names
Cataloger Name: Hend El khosy
942 ## - ADDED ENTRY ELEMENTS (KOHA)
Source of classification or shelving scheme Dewey Decimal Classification
Koha item type Books
Edition 21
Suppress in OPAC No
Holdings
Withdrawn status Lost status Source of classification or shelving scheme Damaged status Not for loan Collection Home library Current library Date acquired Total checkouts Full call number Barcode Date last seen Copy number Price effective from Koha item type Public note
    Dewey Decimal Classification     المالية العامة والتشريع الضريبي جــــامعة القــاهرة مكتبة كلية الحقوق - فـرع الشيخ زايد 14.04.2026   Law2 13 342.06 SC . L 5 ed - 2013 1300065 C1 ENGB13-00065 14.04.2026 1 14.04.2026 Books 587
    Dewey Decimal Classification     المالية العامة والتشريع الضريبي جــــامعة القــاهرة مكتبة كلية الحقوق - فـرع الشيخ زايد 14.04.2026   Law2 13 342.06 SC . L 5 ed - 2013 1300066 C2 ENGB13-00066 14.04.2026 2 14.04.2026 Books 588

© All rights reserved — Faculty of Law, Cairo University